Statistieken voor Zes dichtstbijzijnde landen - San Marino

Klik hier om de quiz te nemen!

Algemene statistieken

  • Deze quiz is 11 keer genomen
  • De gemiddelde score is 4 van 6

Antwoordstatistieken

kmland% Correct
0Italië
100%
141Kroatië
88%
221Vaticaanstad
88%
186Slovenië
63%
271Bosnië en
Herzegovina
50%
259Frankrijk
25%

Scoreverdeling

Percentiel versus Aantal Correcte Antwoorden

Procent van Mensen met Elke Score

Uw Scoregeschiedenis

U heeft deze quiz nog niet genomen